000 00558nam a22001817a 4500
005 20160805093033.0
008 160805b xxu||||| |||| 00| 0 eng d
020 _a9780198704003
040 _cPK-LaUMT
082 _a616.898
_bNAD-H
100 _aNadel, Jacqueline
245 _aHow imitation boosts development
_bin infancy and autism spectrum disorder
_cJacqueline Nadel; translated by Eleanor Corbett and jacqueline Nadel
260 _aOxford:
_bOxford University,
_c2014
300 _a237 p.
650 _aAutism
650 _aImitation
942 _cBK
999 _c87371
_d87371